000 00525nam a2200217Ia 4500
003 OSt
005 20220928140538.0
006 a|||||r|||| 00| 0
007 ta
008 220927b |||||||| |||| 00| 0 eng d
024 _a9291
037 _cTextual
040 _aSDCL
_cSDCL
_beng
041 _2eng
_aeng
082 _aO-,3L07:g, N0
100 _aThomas Donald
_9495802
245 0 _aHenry Fielding.
260 _c1990
942 _hO-,3L07:g, N0
_cTEXL
_2CC
999 _c812039
_d812039